000 00268 a2200133 4500
001 194765
040 _cMagnum
100 _aVieira, Adelina Lopes
240 1 0 _aDom Quixote
_lpor
245 1 0 _aDom Quixote
300 _a2
697 _aLITERATURA GERAL
942 _cBK
999 _c194765
_d194765